000 00413pab a2200157 454500
008 180718b2007 xxu||||| |||| 00| 0 eng d
100 _aRanjan, Alok
245 _aPublic -private partnership: perspective, evolution and challenges
260 _c2007
300 _ap.1-21.
362 _aJan-Mar
650 _aPublic private partnerships
773 _aManagement in Government
908 _aN
909 _a74014
999 _c74014
_d74014